Loading...
| Literature - British Literature | 0 | 8 | 2 | 0 | 70 | 72 | 111.50 | 0 | 0 |
| Literature - American Literature | 0 | 7 | 2 | 1 | 60 | 67 | 107.57 | 0 | 3 |
| Painting & Sculpture | 0 | 5 | 0 | 0 | 50 | 64 | 88.80 | 0 | 2 |
| Philosophy | 0 | 6 | 2 | 1 | 50 | 107 | 126.33 | 0 | 0 |
| Literature - European Literature | 0 | 5 | 1 | 2 | 45 | 97 | 130.40 | 0 | 0 |
| Literature - World Literature | 0 | 4 | 1 | 3 | 35 | 142 | 149.25 | 0 | 0 |
| Religion | 0 | 3 | 0 | 0 | 30 | 105 | 108.33 | 0 | 1 |
| Fine Arts - Other Fine Arts | 0 | 3 | 1 | 1 | 25 | 95 | 117.00 | 1 | 1 |
| Social Science | 0 | 3 | 2 | 1 | 20 | 101 | 122.67 | 0 | 0 |
| Any History | 0 | 1 | 0 | 1 | 10 | 146 | 146.00 | 0 | 0 |
| History - World History | 0 | 1 | 0 | 1 | 10 | 144 | 144.00 | 0 | 0 |
| Science - Other Science | 0 | 1 | 0 | 0 | 10 | 120 | 120.00 | 0 | 0 |
| Mythology | 0 | 1 | 1 | 0 | 5 | 82 | 82.00 | 0 | 0 |
| Science - Biology | 0 | 0 | 2 | 0 | -10 | 0.00 | 0 | 0 |